| 000 | 00852nam a2200217 i 4500 | ||
|---|---|---|---|
| 001 | 181376 | ||
| 003 | ES-MaACL | ||
| 005 | 20250918184013.0 | ||
| 008 | 121220s1872 sp |||| | spa d | ||
| 080 | _a027(460.27 M) | ||
| 110 | 2 |
_aBiblioteca Nacional (España) _92188 |
|
| 245 | 1 | 0 |
_aMemorias leídas en la Biblioteca Nacional en las sesiones públicas de los años 1858 y 1859 / _c[Agustín Durán]. |
| 260 |
_aMadrid : _b[s.n.], _c1872 ( _fImp. de M. Rivadeneyra) |
||
| 300 |
_a24 p. ; _c26 cm. |
||
| 610 | 2 | 4 |
_aBiblioteca Nacional (España)- _vMemorias. _9138862 |
| 700 | 1 |
_aDurán, Agustín, _d1793-1862 _946168 |
|
| 852 | 4 |
_aES-MaACL _jT-442-F-3 _z- Enc. en un vol. facticio |
|
| 852 | 4 |
_aES-MaACL _jT-389-F-10 _z- Enc. en un vol. facticio |
|
| 852 | 4 |
_aES-MaACL _jT-151-F-9 _z- Enc. en un vol. facticio |
|
| 999 |
_c181376 _d181376 |
||